{"text_format":"1","workbook":"xlsx","n_sheets":13,"sheets":["Forsíða","Matshluti","Hæðir","Einingar","Sameign_sumra","Eignarhald","Samantekt","Athugasemdir","Hlutfallstölur","Lýsing","Breytingarsaga","Sheet1","Stillingar"],"not_rendered":{"charts":0,"images":0,"macros":1,"external_links":0,"defined_names":1,"comments":0,"pivot_tables":0},"unopened":[],"bounds":{"document_bytes":16777216,"sheet_cells":100000,"rows_first":2000,"rows_last":500,"rows_between":2000,"halvings":0,"cell_chars":16384,"cell_head_chars":4096},"cells_cut":0,"cells_raw":0,"read":"whole","date_system":"1900"}

{"sheet":"Forsíða","index":0,"n_rows":22,"n_cols":10,"rows_kept":22,"cut":false,"hidden":false,"merged":[[11,1,12,2]]}
[null,null,null,null,null,null,null,null,null,{"$f":"IF( Breytingarsaga!A2=\"\",IF(Breytingarsaga!A3=\"\",\"\",\"Breytingar\"),\"Breytingar\")","v":""}]
[]
[]
[]
[]
[null,null,null,"Skráningartafla:","Strandgata 1, Hvammstanga"]
[]
[null,null,null,"Landeignanúmer:",144403,null,null,"Staðgreinir:"]
[null,null,null,"Matshlutanúmer:",2]
[null,null,null,"Fjöldi matshluta á landeign:",2]
[null,null,null,"Skrásetjari:","Bjarni Þór Einarsson"]
[null,"Reikningi lokið",null,"Kennitala:","310348-2449"]
[null,null,null,"Dags.:","2022-10-31"]
[null,"ATH. Að villutékka vinnublað í einingar áður en það er reiknað",null,null,null,null,null,"Brúttóflötur:",2965.2000000000007,"m²"]
[null,null,null,null,null,null,null,"Brúttó rúmmál:",11490.400000000001,"m³"]
[null,"Leiðbeiningar"]
[]
[null,null,null,null,null,null,null,"Birt flatarmál:",2907.7000000000007,"m²"]
[null,null,null,null,null,null,null,"Skiptarúmmál:",8510.9049999999988,"m³"]
[]
["Útgáfa: 5.00"]
["© 2019 Þjóðskrá íslands, Borgartúni 21, 105 Reykjavík."]

{"sheet":"Matshluti","index":1,"n_rows":25,"n_cols":11,"rows_kept":25,"cut":false,"hidden":false,"merged":[[16,1,16,2],[13,1,13,2],[11,1,11,2],[12,1,12,2],[14,1,14,2],[15,1,15,2],[24,1,24,4],[23,1,23,4],[18,1,18,2],[19,1,19,2],[21,1,22,10]]}
[null,{"$f":"+Forsíða!D6","v":"Skráningartafla:"},{"$f":"Forsíða!E6","v":"Strandgata 1, Hvammstanga"},null,null,null,{"$f":"+Forsíða!D11","v":"Skrásetjari:"},{"$f":"+Forsíða!E11","v":"Bjarni Þór Einarsson"},null,{"$f":"IF( Breytingarsaga!A2=\"\",IF(Breytingarsaga!A3=\"\",\"\",\"Breytingar\"),\"Breytingar\")","v":""}]
[null,{"$f":"+Forsíða!D8","v":"Landeignanúmer:"},{"$f":"Forsíða!E8","v":144403},null,null,null,{"$f":"+Forsíða!D12","v":"Kennitala:"},{"$f":"+Forsíða!E12","v":"310348-2449"}]
[null,{"$f":"+Forsíða!D9","v":"Matshlutanúmer:"},{"$f":"Forsíða!E9","v":2},null,null,{"$f":"Forsíða!A21","v":"Útgáfa: 5.00"},{"$f":"+Forsíða!D13","v":"Dags.:"},{"$f":"+Forsíða!E13","v":"2022-10-31"}]
[null,null,"Botnplata",null,"Hjúpfletir"]
[null,null,null,null,null,"Þar af:",null,"Þar af:"]
[null,"Lóð m²","Botnplata\nm³","Botnplata\nm²","Útveggir\nm²","Glugga- og\ndyraop m²","Þak\nm²","Þakgluggar og\nþakop m²","Efsti hæðarkóti","Ummál ofanjarðar"]
[]
["Matshluti",null,338.9,1694.4]
[]
[]
[]
[null,"Yfirlit",null,"D5 Botnflötur m²","D5M milliflötur m²","D7 op m²","D8 Brúttóflötur m² með V og F","D9 Brúttóflötur undir 1,8 m með V og F","D11 Brúttórúmmál m³","D12 Nettóflötur m²","D13 birt flatarmál m²"]
[null,"A rými",null,2971.3000000000006,null,6.1,2965.2000000000007,57.5,9877.0000000000018,2526.6999999999998,2907.7000000000007]
[null,"Svalir A lokun"]
[null,"B rými"]
[null,"C rými",null,241.2]
[null,"Fylgirými (F)"]
[null,"Afgangsrými (V)",null,822.1,null,null,822.1,null,1274.5]
[null,"Botnplata",null,null,null,null,null,null,338.9]
[null,"Samtals:",null,{"$f":"SUM(D13:D19)","v":4034.6000000000004},{"$f":"SUM(E13:E19)","v":0},{"$f":"SUM(F13:F19)","v":6.1},{"$f":"SUM(G13:G19)","v":3787.3000000000006},{"$f":"SUM(H13:H19)","v":57.5},11490.400000000001,2526.6999999999998,2907.7000000000007]
[]
[null,"Flatarmál nýtingarhlutfalls er A rými + B rými, undanskilið er brúttóflatarmál rýma með salarhæð lægri en 1,8 m, samkvæmt skipulagsreglugerð 2013 (breyting var gerð 2016).  Notkun rýma hefur ekki áhrif á útreikning nýtingarhlutfalls."]
[]
[null,null,null,null,null,"m²","Lóð m²","Hlutfall "]
[null,"Flatarmál til útreiknings nýtingarhlutfalls ",null,null,null,{"$f":"G20-H20","v":3729.8000000000006},{"$f":"B8","v":0},{"$f":"IF(G25=0,0,F25/G25)","v":0}]

{"sheet":"Hæðir","index":2,"n_rows":12,"n_cols":10,"rows_kept":12,"cut":false,"hidden":false,"merged":[]}
[null,{"$f":"+Forsíða!D6","v":"Skráningartafla:"},{"$f":"Forsíða!E6","v":"Strandgata 1, Hvammstanga"},null,null,null,{"$f":"+Forsíða!D11","v":"Skrásetjari:"},{"$f":"+Forsíða!E11","v":"Bjarni Þór Einarsson"},null,{"$f":"IF( Breytingarsaga!A2=\"\",IF(Breytingarsaga!A3=\"\",\"\",\"Breytingar\"),\"Breytingar\")","v":""}]
[null,{"$f":"+Forsíða!D8","v":"Landeignanúmer:"},{"$f":"Forsíða!E8","v":144403},null,null,null,{"$f":"+Forsíða!D12","v":"Kennitala:"},{"$f":"+Forsíða!E12","v":"310348-2449"}]
[null,{"$f":"+Forsíða!D9","v":"Matshlutanúmer:"},{"$f":"Forsíða!E9","v":2},null,null,{"$f":"Forsíða!A21","v":"Útgáfa: 5.00"},{"$f":"+Forsíða!D13","v":"Dags.:"},{"$f":"+Forsíða!E13","v":"2022-10-31"}]
["Hæðir",null,"Samanburðarstærðir"]
[null,null,"D5","D11"]
["\nHæð","\nTexti","Botnflötur\nm²","Brúttó\nrúmmál m³"]
[]
["  ","Matshluti"]
["00","Kjallari",0]
["01","1. Hæð",1161.0999999999999]
["02","2. Hæð",2516.5]
["03","3. Hæð",115.8]

{"sheet":"Einingar","index":3,"n_rows":24,"n_cols":29,"rows_kept":24,"cut":false,"hidden":false,"merged":[]}
[null,{"$f":"+Forsíða!D6","v":"Skráningartafla:"},{"$f":"Forsíða!E6","v":"Strandgata 1, Hvammstanga"},null,null,null,{"$f":"+Forsíða!D11","v":"Skrásetjari:"},{"$f":"+Forsíða!E11","v":"Bjarni Þór Einarsson"},null,{"$f":"IF( Breytingarsaga!A2=\"\",IF(Breytingarsaga!A3=\"\",\"\",\"Breytingar\"),\"Breytingar\")","v":""},null,null,null,null,null,false]
[null,{"$f":"+Forsíða!D8","v":"Landeignanúmer:"},{"$f":"Forsíða!E8","v":144403},null,null,null,{"$f":"+Forsíða!D12","v":"Kennitala:"},{"$f":"+Forsíða!E12","v":"310348-2449"}]
[null,{"$f":"+Forsíða!D9","v":"Matshlutanúmer:"},{"$f":"Forsíða!E9","v":2},null,null,{"$f":"Forsíða!A21","v":"Útgáfa: 5.00"},{"$f":"+Forsíða!D13","v":"Dags.:"},{"$f":"+Forsíða!E13","v":"2022-10-31"}]
["Uppskipting og lýsing",null,null,null,null,"Stærðir"]
["D0","D1","D2","D3","D4","D5","D5M","D6","D7","D8","D9","D10a","D10b","D11","D12","D13","D14","D15",null,"Alrými","Stofur","Svefn-herbergi","Eldhús","Önnur herbergi","Geymslur","Þvottahús","Bað-herbergi","Snyrtingar","Aðrir fletir"]
["Lokun\n","Rými\nhæð-röð","Notkun\ntexti","Höfuð-\nflokkun","Eignar-\nhald","Botnflötur\nm²","Milliflötur\nm²","Stigar\nm²","Op\nm²","Brúttóflötur\nm²","Brúttóflötur\nsh < 1,8","Salarhæð\nmin","Salarhæð\nmax","Brúttó\nrúmmál m³","Nettóflötur\nm²","Birt flatarmál\nm²","Reiknitala\nskiptarúmmáls","Skipta-\nrúmmál m³","Upphitað rými","Fjöldi","Fjöldi","Fjöldi","Fjöldi","Fjöldi","Fjöldi","Fjöldi","Fjöldi","Fjöldi","Fjöldi"]
[]
["A","0101","Geymslur","N","0101",177.6,null,5.9,null,177.6,null,2.8,2.8,497.3,162,177.6,2.8,453.6]
["A","0102","Geymslur","N","0101",328.3,null,null,null,328.3,null,2.9,2.9,952.1,284.5,328.3,2.9,825.05]
["A","0103","Frystiklefar","N","0101",326.39999999999998,null,null,null,326.39999999999998,null,2.95,2.95,962.9,275.3,326.39999999999998,2.95,812.13499999999999]
["A","0104","Selasetur-Sýning","N","0101",314.60000000000002,null,null,null,314.60000000000002,null,3.93,3.93,1236.4000000000001,274.39999999999998,314.60000000000002,3.93,1078.3920000000001]
["A","0105","Gangur","U","0101",14.2,null,null,null,14.2,null,3.6,3.93,53.5,10.5,14.2,3.77,39.585000000000001]
["C","0106","Stétt","U","0101",92.1,null,null,null,92.1]
["A","0201","Vörugeymsla","N","0101",208.9,null,null,null,208.9,null,3.44,7,731.2,200.5,208.9,3.5,701.75]
["A","0202","Vörugeymsla","N","0101",195.6,null,null,null,195.6,null,3.39,3.61,684.6,184.4,195.6,3.5,645.4]
["A","0203","Búvöruverslun","N","0101",211.6,null,null,6.1,205.5,null,2.99,2.99,632.70000000000005,197.6,205.5,2.99,590.82399999999996]
["A","0204","Búvöruverslun","N","0101",328.3,null,null,null,328.3,null,3.19,3.19,1047.3,301.7,328.3,3.19,962.423]
["A","0205","Frystiklefar","N","0101",326.39999999999998,null,null,null,326.39999999999998,null,3.58,3.58,1168.5,249.8,326.39999999999998,3.58,894.28399999999999]
["A","0206","Tæknirými","T","0101",94.8,null,null,null,94.8,null,2.78,3.22,284.39999999999998,84.6,94.8,3,253.8]
["A","0207","Veitingahús","N","0101",328.8,null,null,null,328.8,null,3.17,6.31,1422.4,281.39999999999998,328.8,4.33,1218.462]
["A","0208","Þakrými","V","0101",822.1,null,null,null,null,null,0,3.61,1274.5]
["C","0209","Svalir","U","0101",32.299999999999997,null,null,null,32.299999999999997]
["C","0210","Útitröppur","U","0101",116.8,null,null,null,116.8]
["A","0301","Tækmirými","T","0101",115.8,null,null,null,115.8,57.5,0.43,3.14,203.7,20,58.3,1.76,35.200000000000003]

{"sheet":"Sameign_sumra","index":4,"n_rows":8,"n_cols":10,"rows_kept":8,"cut":false,"hidden":false,"merged":[]}
[null,{"$f":"+Forsíða!D6","v":"Skráningartafla:"},{"$f":"Forsíða!E6","v":"Strandgata 1, Hvammstanga"},null,null,null,{"$f":"+Forsíða!D11","v":"Skrásetjari:"},{"$f":"+Forsíða!E11","v":"Bjarni Þór Einarsson"},null,{"$f":"IF( Breytingarsaga!A2=\"\",IF(Breytingarsaga!A3=\"\",\"\",\"Breytingar\"),\"Breytingar\")","v":""}]
[null,{"$f":"+Forsíða!D8","v":"Landeignanúmer:"},{"$f":"Forsíða!E8","v":144403},null,null,null,{"$f":"+Forsíða!D12","v":"Kennitala:"},{"$f":"+Forsíða!E12","v":"310348-2449"}]
[null,{"$f":"+Forsíða!D9","v":"Matshlutanúmer:"},{"$f":"Forsíða!E9","v":2},null,null,{"$f":"Forsíða!A21","v":"Útgáfa: 5.00"},{"$f":"+Forsíða!D13","v":"Dags.:"},{"$f":"+Forsíða!E13","v":"2022-10-31"}]
["Sameignir sumra"]
[]
[null,"Eignar-\nhald","Notkun\ntexti","Y-\neignarhald","Notkun\ntexti","Reikni-\nregla","\nEignarhlutur"]
[]
[null,null,null," "]

{"sheet":"Eignarhald","index":5,"n_rows":10,"n_cols":10,"rows_kept":10,"cut":false,"hidden":false,"merged":[]}
[null,{"$f":"+Forsíða!D6","v":"Skráningartafla:"},{"$f":"Forsíða!E6","v":"Strandgata 1, Hvammstanga"},null,null,null,{"$f":"+Forsíða!D11","v":"Skrásetjari:"},{"$f":"+Forsíða!E11","v":"Bjarni Þór Einarsson"},null,{"$f":"IF( Breytingarsaga!A2=\"\",IF(Breytingarsaga!A3=\"\",\"\",\"Breytingar\"),\"Breytingar\")","v":""}]
[null,{"$f":"+Forsíða!D8","v":"Landeignanúmer:"},{"$f":"Forsíða!E8","v":144403},null,null,null,{"$f":"+Forsíða!D12","v":"Kennitala:"},{"$f":"+Forsíða!E12","v":"310348-2449"}]
[null,{"$f":"+Forsíða!D9","v":"Matshlutanúmer:"},{"$f":"Forsíða!E9","v":2},null,null,{"$f":"Forsíða!A21","v":"Útgáfa: 5.00"},{"$f":"+Forsíða!D13","v":"Dags.:"},{"$f":"+Forsíða!E13","v":"2022-10-31"}]
["Eignarhald"]
[null,null,null,null,"S k i p t a r ú m m á l"]
["Fasteignanr.","Eignar-\nhald","Notkun\ntexti","Birt flatarmál\nm²","Séreign\nm³ án sameignar","Séreign og \nsameign m³"]
[]
[null,"0101","Geymslur",2907.7000000000007,8510.9049999999988,8510.9049999999988]
[]
[null,null,"Alls",2907.7000000000007,8510.9049999999988,8510.9049999999988]

{"sheet":"Samantekt","index":6,"n_rows":77,"n_cols":18,"rows_kept":77,"cut":false,"hidden":false,"merged":[[70,1,70,2],[71,1,71,2],[73,1,74,10],[75,1,75,4],[76,1,76,4],[63,1,63,2],[64,1,64,2],[65,1,65,2],[66,1,66,2],[67,1,67,2],[68,1,68,2]]}
[null,{"$f":"+Forsíða!D6","v":"Skráningartafla:"},{"$f":"Forsíða!E6","v":"Strandgata 1, Hvammstanga"},null,null,null,{"$f":"+Forsíða!D11","v":"Skrásetjari:"},{"$f":"+Forsíða!E11","v":"Bjarni Þór Einarsson"},null,{"$f":"IF( Breytingarsaga!A2=\"\",IF(Breytingarsaga!A3=\"\",\"\",\"Breytingar\"),\"Breytingar\")","v":""}]
[null,{"$f":"+Forsíða!D8","v":"Landeignanúmer:"},{"$f":"Forsíða!E8","v":144403},null,null,null,{"$f":"+Forsíða!D12","v":"Kennitala:"},{"$f":"+Forsíða!E12","v":"310348-2449"}]
[null,{"$f":"+Forsíða!D9","v":"Matshlutanúmer:"},{"$f":"Forsíða!E9","v":2},null,null,{"$f":"Forsíða!A21","v":"Útgáfa: 5.00"},{"$f":"+Forsíða!D13","v":"Dags.:"},{"$f":"+Forsíða!E13","v":"2022-10-31"}]
["Uppskipting og lýsing",null,null,null,null,"Stærðir"]
["D0","D1","D2","D3","D4","D5","D5M","D6","D7","D8","D9","D10a","D10b","D11","D12","D13","D14","D15"]
["Lokun\n","Rými\nhæð-röð","Notkun\ntexti","Höfuð-\nflokkun","Eignar-\nhald","Botnflötur\nm²","Milliflötur\nm²","Stigar\nm²","Op\nm²","Brúttóflötur\nm²","Brúttóflötur\nsh < 1,8","Salarhæð\nmin","Salarhæð\nmax","Brúttó\nrúmmál m³","Nettóflötur\nm²","Birt flatarmál\nm²","Reiknitala\nskiptarúmmáls","Skipta-\nrúmmál m³"]
[]
[null,"  ","Matshluti",null,null,3793.4000000000005,0,5.9,6.1,2965.2000000000007,57.5,null,null,11490.400000000001,2526.6999999999998,2907.7000000000007,null,8510.9049999999988]
[null,null,"Botn",null,null,null,null,null,null,null,null,null,null,338.9]
[]
[null,"00","Kjallari"]
[]
[null,"01","1. Hæð",null,null,1161.1000000000001,0,5.9,0,1161.1000000000001,0,null,null,3702.2000000000003,1006.6999999999999,1161.1000000000001]
["A","0101","Geymslur","N","0101",177.6,null,5.9,null,177.6,null,2.8,2.8,497.3,162,177.6,2.8,453.6]
["A","0102","Geymslur","N","0101",328.3,null,null,null,328.3,null,2.9,2.9,952.1,284.5,328.3,2.9,825.05]
["A","0103","Frystiklefar","N","0101",326.39999999999998,null,null,null,326.39999999999998,null,2.95,2.95,962.9,275.3,326.39999999999998,2.95,812.13499999999999]
["A","0104","Selasetur-Sýning","N","0101",314.60000000000002,null,null,null,314.60000000000002,null,3.93,3.93,1236.4000000000001,274.39999999999998,314.60000000000002,3.93,1078.3920000000001]
["A","0105","Gangur","U","0101",14.2,null,null,null,14.2,null,3.6,3.93,53.5,10.5,14.2,3.77,39.585000000000001]
["C","0106","Stétt","U","0101",92.1,null,null,null,92.1]
[]
[null,"02","2. Hæð",null,null,2516.5,0,0,6.1,1688.2999999999997,0,null,null,7245.6,1500,1688.2999999999997]
["A","0201","Vörugeymsla","N","0101",208.9,null,null,null,208.9,null,3.44,7,731.2,200.5,208.9,3.5,701.75]
["A","0202","Vörugeymsla","N","0101",195.6,null,null,null,195.6,null,3.39,3.61,684.6,184.4,195.6,3.5,645.4]
["A","0203","Búvöruverslun","N","0101",211.6,null,null,6.1,205.5,null,2.99,2.99,632.70000000000005,197.6,205.5,2.99,590.82399999999996]
["A","0204","Búvöruverslun","N","0101",328.3,null,null,null,328.3,null,3.19,3.19,1047.3,301.7,328.3,3.19,962.423]
["A","0205","Frystiklefar","N","0101",326.39999999999998,null,null,null,326.39999999999998,null,3.58,3.58,1168.5,249.8,326.39999999999998,3.58,894.28399999999999]
["A","0206","Tæknirými","T","0101",94.8,null,null,null,94.8,null,2.78,3.22,284.39999999999998,84.6,94.8,3,253.8]
["A","0207","Veitingahús","N","0101",328.8,null,null,null,328.8,null,3.17,6.31,1422.4,281.39999999999998,328.8,4.33,1218.462]
["A","0208","Þakrými","V","0101",822.1,null,null,null,null,null,0,3.61,1274.5]
["C","0209","Svalir","U","0101",32.299999999999997,null,null,null,32.299999999999997]
["C","0210","Útitröppur","U","0101",116.8,null,null,null,116.8]
[]
[null,"03","3. Hæð",null,null,115.8,0,0,0,115.8,57.5,null,null,203.7,20,58.3]
["A","0301","Tækmirými","T","0101",115.8,null,null,null,115.8,57.5,0.43,3.14,203.7,20,58.3,1.76,35.200000000000003]
[]
[]
["Athugasemdir"]
[]
["Sameignir sumra"]
[]
[null,"Eignar-\nhald","Notkun\ntexti","Y-\neignarhald","Notkun\ntexti","Reikni-\nregla","\nEignarhlutur"]
[]
[null,null,null," "]
[]
[]
[]
[null,null,null,null,"S k i p t a r ú m m á l"]
[null,"Eignar-\nhald","Notkun\ntexti","Birt flatarmál\nm²","Séreign\nm³ án sameignar","Séreign og \nsameign m³"]
[]
[null,"0101","Geymslur",2907.7000000000007,8510.9049999999988,8510.9049999999988]
[]
[null,null,"Alls",2907.7000000000007,8510.9049999999988,8510.9049999999988]
[]
[]
[]
[null,null,"Botnplata",null,"Hjúpfletir"]
[null,null,null,null,null,"Þar af:",null,"Þar af:"]
[null,"Lóð m²","Botnplata\nm³","Botnplata\nm²","Útveggir\nm²","Glugga- og\ndyraop m²","Þak\nm²","Þakgluggar og\nþakop m²","Efsti hæðarkóti","Ummál ofanjarðar"]
[]
["Matshluti",null,338.9,1694.4]
[]
[]
[]
[null,"Yfirlit",null,"D5 Botnflötur m²","D5M milliflötur m²","D7 op m²","D8 Brúttóflötur m² með V og F","D9 Brúttóflötur undir 1,8 m með V og F","D11 Brúttórúmmál m³","D12 Nettóflötur m²","D13 birt flatarmál m²"]
[null,"A rými",null,2971.3000000000006,null,6.1,2965.2000000000007,57.5,9877.0000000000018,2526.6999999999998,2907.7000000000007]
[null,"Svalir A lokun"]
[null,"B rými"]
[null,"C rými",null,241.2]
[null,"Fylgirými (F)"]
[null,"Afgangsrými (V)",null,822.1,null,null,822.1,null,1274.5]
[null,"Botnplata",null,null,null,null,null,null,338.9]
[null,"Samtals:",null,{"$f":"SUM(D65:D71)","v":4034.6000000000004},{"$f":"SUM(E65:E71)","v":0},{"$f":"SUM(F65:F71)","v":6.1},{"$f":"SUM(G65:G71)","v":3787.3000000000006},{"$f":"SUM(H65:H71)","v":57.5},11490.400000000001,2526.6999999999998,2907.7000000000007]
[]
[null,"Flatarmál nýtingarhlutfalls er A rými + B rými, undanskilið er brúttóflatarmál rýma með salarhæð lægri en 1,8 m, samkvæmt skipulagsreglugerð 2013 (breyting var gerð 2016).  Notkun rýma hefur ekki áhrif á útreikning nýtingarhlutfalls."]
[]
[null,null,null,null,null,"m²","Lóð m²","Hlutfall "]
[null,"Flatarmál til útreiknings nýtingarhlutfalls ",null,null,null,{"$f":"G72-H72","v":3729.8000000000006},{"$f":"B60","v":0},{"$f":"IF(G77=0,0,F77/G77)","v":0}]

{"sheet":"Athugasemdir","index":7,"n_rows":6,"n_cols":10,"rows_kept":6,"cut":false,"hidden":false,"merged":[]}
[null,{"$f":"+Forsíða!D6","v":"Skráningartafla:"},{"$f":"Forsíða!E6","v":"Strandgata 1, Hvammstanga"},null,null,null,{"$f":"+Forsíða!D11","v":"Skrásetjari:"},{"$f":"+Forsíða!E11","v":"Bjarni Þór Einarsson"},null,{"$f":"IF( Breytingarsaga!A2=\"\",IF(Breytingarsaga!A3=\"\",\"\",\"Breytingar\"),\"Breytingar\")","v":""}]
[null,{"$f":"+Forsíða!D8","v":"Landeignanúmer:"},{"$f":"Forsíða!E8","v":144403},null,null,null,{"$f":"+Forsíða!D12","v":"Kennitala:"},{"$f":"+Forsíða!E12","v":"310348-2449"}]
[null,{"$f":"+Forsíða!D9","v":"Matshlutanúmer:"},{"$f":"Forsíða!E9","v":2},null,null,{"$f":"Forsíða!A21","v":"Útgáfa: 5.00"},{"$f":"+Forsíða!D13","v":"Dags.:"},{"$f":"+Forsíða!E13","v":"2022-10-31"}]
["Athugasemdir"]
[]
["Athugasemdir"]

{"sheet":"Hlutfallstölur","index":8,"n_rows":7,"n_cols":15,"rows_kept":7,"cut":false,"hidden":false,"merged":[[6,14,6,16]]}
[null,null,null,null,null,null,null,"Ath að það þarf að láta reikna ef gögnum hefur verið breytt frá því að síðast var reiknað svo þær breytingar skili sér örugglega hingað"]
[null,"Mhl","Rúmmál m³","Hlutfall % í lóð","Hús","Hlutfall í húsi %"]
[]
[]
["Eignarhald"]
[null,null,null,null,"S k i p t a r ú m m á l"]
["Fasteignanr.","Eignar-\nhald","Notkun\ntexti","Birt flatarmál\nm²","Séreign\nm³ án sameignar","Séreign og \nsameign m³","Hlutfall í mhl %","Hlutfall í lóð %","Hlutfall í húsi %",null,null,null,null,null,"Magntölur hitakostnaðar m³ í séreign"]

{"sheet":"Lýsing","index":9,"n_rows":6,"n_cols":10,"rows_kept":6,"cut":false,"hidden":false,"merged":[]}
[]
[]
[]
[]
[]
["Fasteigna númer","Eignarhaldsnúmer","Eigninni tilheyrir","Notkun\ntexti","Birt flatarmál\nm²","Hlutfall í mhl %","Hlutfall í lóð %","Hlutfall í húsi %","Hlutfall í sameign sumra %","Hlutfall í hita %"]

{"sheet":"Breytingarsaga","index":10,"n_rows":1,"n_cols":3,"rows_kept":1,"cut":false,"hidden":false,"merged":[]}
["Dags","Breytt af","Hverju var breytt"]

{"sheet":"Sheet1","index":11,"n_rows":0,"n_cols":0,"rows_kept":0,"cut":false,"hidden":false,"merged":[]}

{"sheet":"Stillingar","index":12,"n_rows":10,"n_cols":4,"rows_kept":10,"cut":false,"hidden":true,"merged":[]}
["Forsíða",null,"Þessi síða er eingöngu fyrir Fasteignamat ríkisins"]
["Matshluti"]
["Hæðir",null,5]
["Einingar",null,258]
["Sameign_sumra",null,1]
["Eignarhald",null,1]
["Samantekt",null,30,45]
["Athugasemdir",null,0]
["Stillingar"]
["Hlutfallstölur"]